The church we want : (Record no. 125187)
[ view plain ]
| 000 -LEADER | |
|---|---|
| fixed length control field | 01173cam a22003378i 4500 |
| 001 - CONTROL NUMBER | |
| control field | 18957641 |
| 003 - CONTROL NUMBER IDENTIFIER | |
| control field | ARRUPE |
| 005 - DATE AND TIME OF LATEST TRANSACTION | |
| control field | 20160908091754.0 |
| 008 - FIXED-LENGTH DATA ELEMENTS--GENERAL INFORMATION | |
| fixed length control field | 160201s2016 nyu b 001 0 eng |
| 010 ## - LIBRARY OF CONGRESS CONTROL NUMBER | |
| LC control number | 2016003367 |
| 020 ## - INTERNATIONAL STANDARD BOOK NUMBER | |
| International Standard Book Number | 9781626982031 (pbk.) |
| 035 ## - SYSTEM CONTROL NUMBER | |
| System control number | (DLC)18957641 |
| 035 ## - SYSTEM CONTROL NUMBER | |
| System control number | (DLC)2016003367 |
| 040 ## - CATALOGING SOURCE | |
| Original cataloging agency | DLC |
| Language of cataloging | eng |
| Transcribing agency | DLC |
| Description conventions | rda |
| 042 ## - AUTHENTICATION CODE | |
| Authentication code | pcc |
| 043 ## - GEOGRAPHIC AREA CODE | |
| Geographic area code | f------ |
| 050 00 - LIBRARY OF CONGRESS CALL NUMBER | |
| Classification number | BX1746 |
| Item number | .C5153 2016 |
| 082 00 - DEWEY DECIMAL CLASSIFICATION NUMBER | |
| Classification number | 282/.6 |
| Edition number | 23 |
| 245 04 - TITLE STATEMENT | |
| Title | The church we want : |
| Remainder of title | African Catholics look to Vatican III / |
| Statement of responsibility, etc | edited by Agbonkhianmeghe E. Orobator. |
| 260 ## - PUBLICATION, DISTRIBUTION, ETC. (IMPRINT) | |
| Place of publication, distribution, etc | Nairobi |
| Name of publisher, distributor, etc | Acton Publishers |
| Date of publication, distribution, etc | 2016 |
| 263 ## - PROJECTED PUBLICATION DATE | |
| Projected publication date | 1111 |
| 300 ## - PHYSICAL DESCRIPTION | |
| Extent | pages cm |
| 504 ## - BIBLIOGRAPHY, ETC. NOTE | |
| Bibliography, etc | Includes bibliographical references and index. |
| 650 #0 - SUBJECT ADDED ENTRY--TOPICAL TERM | |
| Topical term or geographic name as entry element | Church |
| General subdivision | Catholic Church. |
| 9 (RLIN) | 13540 |
| 650 #0 - SUBJECT ADDED ENTRY--TOPICAL TERM | |
| Topical term or geographic name as entry element | Church renewal |
| 9 (RLIN) | 25604 |
| 700 1# - ADDED ENTRY--PERSONAL NAME | |
| Personal name | Orobator, A. E., |
| Relator term | editor. |
| 9 (RLIN) | 8164 |
| 776 08 - ADDITIONAL PHYSICAL FORM ENTRY | |
| Display text | Online version: |
| Title | Church we want |
| Place, publisher, and date of publication | Maryknoll : Orbis Books, 2016 |
| International Standard Book Number | 9781608336685 |
| Record control number | (DLC) 2016012879 |
| 906 ## - LOCAL DATA ELEMENT F, LDF (RLIN) | |
| a | 0 |
| b | vip |
| c | orignew |
| d | 1 |
| e | ecip |
| f | 20 |
| g | y-gencatlg |
| 942 ## - ADDED ENTRY ELEMENTS (KOHA) | |
| Source of classification or shelving scheme | Library of Congress Classification |
| Koha item type | Monograph ( Printed materials) |
| Withdrawn status | Lost status | Source of classification or shelving scheme | Damaged status | Not for loan | Collection code | Home library | Current library | Shelving location | Date acquired | Total Checkouts | Full call number | Barcode | Checked out | Date last seen | Date checked out | Price effective from | Koha item type |
|---|---|---|---|---|---|---|---|---|---|---|---|---|---|---|---|---|---|
| Library of Congress Classification | Main Collection | ARRUPE LIBRARY | ARRUPE LIBRARY | Main Collection | 08/09/2016 | 1 | BX1746 .C565 2016 | 46500010237 | 13/01/2017 | 14/12/2016 | 14/12/2016 | 08/09/2016 | Monograph ( Printed materials) | ||||
| Library of Congress Classification | Main Collection | ARRUPE LIBRARY | ARRUPE LIBRARY | Main Collection | 08/09/2016 | 2 | BX1746 .C565 2016 | 46500010238 | 22/11/2017 | 04/01/2017 | 08/09/2016 | Monograph ( Printed materials) |